[Event "MVP-ch Seniors op 19th"]
[Site "Ostseebad Binz"]
[Date "2019.12.04"]
[Round "8"]
[White "Ketelsen, Herbert"]
[Black "Krueger, Bernhard"]
[Result "0-1"]
[WhiteElo "1575"]
[BlackElo "1678"]
[PlyCount "87"]
[EventDate "2019.11.27"]
[EventType "swiss"]
[EventRounds "9"]
[EventCountry "GER"]
[SourceTitle "EXT 2021"]
[Source "ChessBase"]
[SourceDate "2020.10.23"]
[SourceVersion "1"]
[SourceVersionDate "2020.10.23"]
[SourceQuality "1"]

1. d4 Nf6 2. c4 g6 3. e3 c6 4. Nf3 Bg7 5. Be2 0-0 6. 0-0 d5 7. b3 Nbd7 8. Nbd2 Re8 9. Bb2 b6 10. Qc2 Bb7 11. Rad1 Rc8 12. h3 Qc7 13. Rfe1 c5 14. dxc5 Nxc5 15. Nd4 a6 16. Bf3 e5 17. Ne2 Ncd7 18. e4 d4 19. Ng3 Bf8 20. Ndf1 Bb4 21. Nd2 b5 22. a3 Bxd2 23. Rxd2 bxc4 24. bxc4 Qxc4 25. Rc1 Qb5 26. Qd1 Nc5 27. Be2 Qa5 28. f3 Qb6 29. Bc4 Ne6 30. Kh1 Nf4 31. Rdc2 Rxc4 32. Rxc4 Qxb2 33. R4c2 Qxa3 34. Rb1 Qe7 35. Rcb2 Bc6 36. Rb6 Bb5 37. Qc2 d3 38. Qc3 Qd8 39. Rb7 Ne2 40. Nxe2 dxe2 41. Re1 Nh5 42. Kh2 Qg5 43. g4 Qf4+ 44. Kg1 0-1

[Event "GER-ch Seniors 65 31st"]
[Site "Radebeul"]
[Date "2019.04.26"]
[Round "1"]
[White "Lomer, Edmund"]
[Black "Krueger, Bernhard"]
[Result "1/2-1/2"]
[WhiteElo "2053"]
[BlackElo "1717"]
[PlyCount "73"]
[EventDate "2019.04.26"]
[EventType "swiss"]
[EventRounds "9"]
[EventCountry "GER"]
[SourceTitle "CBM 190 Extra"]
[Source "ChessBase"]
[SourceDate "2019.07.15"]
[SourceVersion "1"]
[SourceVersionDate "2019.07.15"]
[SourceQuality "1"]

1. Nf3 Nf6 2. g3 g6 3. Bg2 Bg7 4. d4 c6 5. 0-0 0-0 6. c4 d5 7. cxd5 Nxd5 8. e4 Nb6 9. Nc3 Bg4 10. e5 e6 11. Ne4 Qc7 12. Bg5 Nd5 13. Rc1 Nd7 14. Qd2 Bxf3 15. Bxf3 f6 16. exf6 N7xf6 17. Nc5 Rae8 18. Rfe1 Qc8 19. Bg2 b6 20. Nd3 Nd7 21. Rxe6 Qa6 22. Rexc6 N5f6 23. b3 Ne4 24. Bxe4 Rxe4 25. Be3 Rfe8 26. Rc7 Nf6 27. Nb4 Qa5 28. Nd3 Qf5 29. Qc2 Ng4 30. Re1 Nxe3 31. fxe3 Rxe3 32. Rd1 Rf3 33. Nf4 Rxf4 34. gxf4 Qg4+ 35. Kh1 Qf3+ 36. Kg1 Qg4+ 37. Kh1 1/2-1/2

[Event "MVP-ch Seniors op 18th"]
[Site "Ostseebad Binz"]
[Date "2018.12.05"]
[Round "8"]
[White "Tubis, Reiner"]
[Black "Krueger, Bernhard"]
[Result "1-0"]
[WhiteElo "1887"]
[BlackElo "1732"]
[PlyCount "61"]
[EventDate "2018.11.28"]
[EventType "swiss"]
[EventRounds "9"]
[EventCountry "GER"]
[SourceTitle "CBM 188 Extra"]
[Source "ChessBase"]
[SourceDate "2019.02.26"]
[SourceVersion "1"]
[SourceVersionDate "2019.02.26"]
[SourceQuality "1"]

1. e4 d5 2. exd5 Qxd5 3. d4 Nc6 4. Be3 Bf5 5. Nc3 Qd7 6. Nf3 a6 7. Bc4 e6 8. a3 Nf6 9. Qe2 Be7 10. Rd1 Nd5 11. Nxd5 exd5 12. Ne5 Qe6 13. Nxc6 bxc6 14. Bxa6 0-0 15. Bd3 Bxd3 16. Qxd3 Bg5 17. 0-0 Bxe3 18. fxe3 Rae8 19. Rde1 Qd6 20. e4 c5 21. exd5 Qxd5 22. dxc5 Qxc5+ 23. Kh1 Rd8 24. Rf5 Qb6 25. Qc3 Qd6 26. Rfe5 h6 27. Re7 c5 28. h3 Rb8 29. b3 Ra8 30. a4 Qd5 31. R7e5 1-0

[Event "MVP-ch Seniors op 18th"]
[Site "Ostseebad Binz"]
[Date "2018.12.04"]
[Round "7"]
[White "Krueger, Bernhard"]
[Black "Krause, Werner"]
[Result "1-0"]
[WhiteElo "1732"]
[BlackElo "1575"]
[PlyCount "67"]
[EventDate "2018.11.28"]
[EventType "swiss"]
[EventRounds "9"]
[EventCountry "GER"]
[SourceTitle "CBM 188 Extra"]
[Source "ChessBase"]
[SourceDate "2019.02.26"]
[SourceVersion "1"]
[SourceVersionDate "2019.02.26"]
[SourceQuality "1"]

1. c4 Nf6 2. Nc3 e6 3. g3 d5 4. cxd5 exd5 5. Bg2 c6 6. e3 Be6 7. Nge2 Bd6 8. 0-0 0-0 9. Nd4 Re8 10. Qb3 Qd7 11. Nxe6 fxe6 12. a4 Na6 13. Qd1 e5 14. d3 Rf8 15. f4 Rae8 16. f5 d4 17. Ne4 Nd5 18. Nxd6 Qxd6 19. e4 Nf6 20. b3 c5 21. Bd2 Rc8 22. g4 Kh8 23. g5 Ng8 24. Qh5 Rc7 25. Rf3 g6 26. Qh3 gxf5 27. exf5 Rg7 28. Raf1 Nc7 29. g6 Nf6 30. Bh6 Rfg8 31. Bxg7+ Rxg7 32. Qh4 Ncd5 33. Re1 Nf4 34. Rxf4 1-0

[Event "MVP-ch Seniors op 16th"]
[Site "Binz"]
[Date "2016.11.23"]
[Round "1.29"]
[White "Alder, Bodo"]
[Black "Krueger, Bernhard"]
[Result "1-0"]
[WhiteElo "2028"]
[BlackElo "1793"]
[PlyCount "83"]
[EventDate "2016.11.23"]
[EventType "swiss"]
[EventRounds "9"]
[EventCountry "GER"]
[SourceTitle "EXT 2018"]
[Source "ChessBase"]
[SourceDate "2017.10.13"]
[SourceVersion "1"]
[SourceVersionDate "2017.10.13"]
[SourceQuality "1"]

1. Nf3 Nf6 2. e3 e6 3. c4 g6 4. b3 Bg7 5. Bb2 0-0 6. Qc2 Nc6 7. a3 b6 8. d3 Bb7 9. Be2 d5 10. Nbd2 Re8 11. 0-0 e5 12. cxd5 Qxd5 13. Rfd1 Rad8 14. Rac1 Re7 15. Ne4 Rde8 16. Ne1 Nxe4 17. dxe4 Qe6 18. h3 Na5 19. b4 Nc6 20. Bc4 Qc8 21. Nf3 h6 22. Rd2 Rd8 23. Rcd1 Rxd2 24. Qxd2 a6 25. Bb3 Qe8 26. Ba4 b5 27. Bb3 Bc8 28. Qc2 Be6 29. Bd5 Bxd5 30. exd5 Nb8 31. e4 Qd7 32. Qc5 Qd6 33. Rc1 Kh7 34. Rc2 f6 35. Nd2 Qd8 36. Nb3 Bf8 37. Qe3 Rd7 38. Nc5 Rf7 39. Bc1 f5 40. Ne6 f4 41. Nxd8 fxe3 42. Nxf7 1-0

[Event "MVP-ch Seniors op 15th"]
[Site "Binz"]
[Date "2015.12.01"]
[Round "8.75"]
[White "Krueger, Bernhard"]
[Black "Gottschalk, Juergen"]
[Result "1/2-1/2"]
[WhiteElo "1755"]
[BlackElo "1327"]
[PlyCount "60"]
[EventDate "2015.11.24"]
[EventType "swiss"]
[EventRounds "9"]
[EventCountry "GER"]
[SourceTitle "EXT 2017"]
[Source "ChessBase"]
[SourceDate "2016.10.25"]
[SourceVersion "1"]
[SourceVersionDate "2016.10.25"]
[SourceQuality "1"]

1. d4 Nf6 2. Nf3 e6 3. e3 d6 4. c4 c5 5. Nc3 a6 6. dxc5 d5 7. cxd5 exd5 8. b4 Nc6 9. a3 Be6 10. Be2 g6 11. Nd4 Bg7 12. Nxe6 fxe6 13. Rb1 0-0 14. 0-0 b6 15. cxb6 Qxb6 16. Na4 Qb7 17. Nc5 Qc8 18. Bd2 Re8 19. Qc2 Ne5 20. Rfc1 Re7 21. a4 Rc7 22. a5 Ne4 23. Qd1 Nxc5 24. bxc5 Rxc5 25. Rxc5 Qxc5 26. Rb6 Qc8 27. Bg4 Nxg4 28. Qxg4 Kf7 29. g3 Be5 30. Qh3 h5 1/2-1/2

[Event "MVP-ch Seniors op 15th"]
[Site "Binz"]
[Date "2015.11.29"]
[Round "6.60"]
[White "Thielemann, Joachim"]
[Black "Krueger, Bernhard"]
[Result "1/2-1/2"]
[WhiteElo "1672"]
[BlackElo "1568"]
[PlyCount "114"]
[EventDate "2015.11.24"]
[EventType "swiss"]
[EventRounds "9"]
[EventCountry "GER"]
[SourceTitle "EXT 2017"]
[Source "ChessBase"]
[SourceDate "2016.10.25"]
[SourceVersion "1"]
[SourceVersionDate "2016.10.25"]
[SourceQuality "1"]

1. Nc3 Nf6 2. e4 d6 3. g3 g6 4. Bg2 Bg7 5. Nge2 0-0 6. 0-0 e5 7. d3 c6 8. h3 Na6 9. Be3 d5 10. exd5 cxd5 11. Bg5 Nc7 12. d4 e4 13. Qd2 Re8 14. g4 Qd6 15. Bf4 Qe7 16. g5 Nh5 17. Bxc7 Qxc7 18. Nxd5 Qd6 19. c4 Bf5 20. Rad1 Rac8 21. b3 b5 22. Ne3 bxc4 23. bxc4 Nf4 24. c5 Nxe2+ 25. Qxe2 Qd7 26. h4 Bh3 27. Bxh3 Qxh3 28. Qg4 Qxg4+ 29. Nxg4 Re6 30. Rd2 f5 31. gxf6 Bxf6 32. Nxf6+ Rxf6 33. Kg2 Kg7 34. Rh1 Rf5 35. Re2 Rf4 36. h5 g5 37. Rhe1 Rg4+ 38. Kh3 Rh4+ 39. Kg3 Rd8 40. h6+ Kxh6 41. Rxe4 Rxd4 42. f3 Rc4 43. Re6+ Kh5 44. c6 Rc5 45. Rf6 Rf4 46. Rd6 Rcf5 47. Re3 Rf7 48. Rc3 Rc7 49. Re3 Rcf7 50. Rd7 Rxd7 51. cxd7 Rd4 52. Re7 Kg6 53. a3 h5 54. a4 a5 55. Kf2 Kf6 56. Rh7 Kg6 57. Re7 Kf6 1/2-1/2

[Event "GER-chB Seniors 27th"]
[Site "Magdeburg"]
[Date "2015.08.23"]
[Round "9"]
[White "Krueger, Bernhard"]
[Black "Becker, Guenter"]
[Result "0-1"]
[WhiteElo "1732"]
[BlackElo "1837"]
[PlyCount "108"]
[EventDate "2015.08.15"]
[EventType "swiss"]
[EventRounds "9"]
[EventCountry "GER"]
[SourceTitle "EXT 2018"]
[Source "ChessBase"]
[SourceDate "2017.10.13"]
[SourceVersion "1"]
[SourceVersionDate "2017.10.13"]
[SourceQuality "1"]

1. d4 c6 2. Nf3 d5 3. e3 Bg4 4. Bd3 g6 5. h3 Bxf3 6. Qxf3 Bg7 7. 0-0 Nd7 8. c3 Ngf6 9. Nd2 e5 10. dxe5 Nxe5 11. Qe2 Nxd3 12. Qxd3 0-0 13. Re1 Re8 14. Nf3 Ne4 15. a4 Qc7 16. Bd2 Rad8 17. Qc2 a5 18. Rab1 Nd6 19. b4 Nc4 20. Bc1 f5 21. Qd3 b6 22. Nd2 Nd6 23. Bb2 Ne4 24. Nf3 Qd6 25. Ba1 axb4 26. cxb4 Bxa1 27. Rxa1 Qxb4 28. Reb1 Qa5 29. Nd4 Rc8 30. Nb3 Qc3 31. Qd1 Red8 32. Rc1 Qb4 33. Nd4 c5 34. Nf3 Ra8 35. Rcb1 Qa5 36. Qd3 Nc3 37. Re1 Nxa4 38. Ne5 Qc3 39. Qxc3 Nxc3 40. Rac1 Ra3 41. f3 d4 42. exd4 Rxd4 43. Nc6 Rd2 44. Re8+ Kg7 45. Rce1 Raa2 46. R1e7+ Kh6 47. Ne5 Rxg2+ 48. Kf1 Rgf2+ 49. Kg1 Kg5 50. h4+ Kxh4 51. Rxh7+ Kg3 52. Nd3 Ra1+ 53. Re1 Rxe1+ 54. Nxe1 Ne2+ 0-1

[Event "GER-chB Seniors 27th"]
[Site "Magdeburg"]
[Date "2015.08.18"]
[Round "4"]
[White "Husser, Oskar"]
[Black "Krueger, Bernhard"]
[Result "1-0"]
[WhiteElo "1855"]
[BlackElo "1732"]
[PlyCount "53"]
[EventDate "2015.08.15"]
[EventType "swiss"]
[EventRounds "9"]
[EventCountry "GER"]
[SourceTitle "EXT 2018"]
[Source "ChessBase"]
[SourceDate "2017.10.13"]
[SourceVersion "1"]
[SourceVersionDate "2017.10.13"]
[SourceQuality "1"]

1. e4 d5 2. exd5 Qxd5 3. Nc3 Qd6 4. d4 a6 5. Nf3 Bf5 6. Bc4 e6 7. Bd3 Bxd3 8. Qxd3 Nc6 9. Ne4 Qd7 10. 0-0 Be7 11. c3 Nf6 12. Bf4 Nxe4 13. Qxe4 0-0-0 14. Rfe1 h6 15. b4 Qd5 16. Qe2 Qf5 17. Bg3 Bf6 18. a4 g5 19. b5 Nb8 20. Qc4 Rd7 21. Ne5 Bxe5 22. Rxe5 Qf6 23. Rc5 Qd8 24. bxa6 Nxa6 25. Ra5 Nb8 26. Ra8 Rd6 27. Qb4 1-0

[Event "GER-chB Seniors 27th"]
[Site "Magdeburg"]
[Date "2015.08.17"]
[Round "3"]
[White "Krueger, Bernhard"]
[Black "Hoffmann, Eberhard"]
[Result "0-1"]
[WhiteElo "1732"]
[BlackElo "1866"]
[PlyCount "74"]
[EventDate "2015.08.15"]
[EventType "swiss"]
[EventRounds "9"]
[EventCountry "GER"]
[SourceTitle "EXT 2018"]
[Source "ChessBase"]
[SourceDate "2017.10.13"]
[SourceVersion "1"]
[SourceVersionDate "2017.10.13"]
[SourceQuality "1"]

1. d4 d5 2. Nf3 e6 3. e3 Nd7 4. Nbd2 Bd6 5. c4 c6 6. b3 f5 7. Bb2 Nh6 8. Ne5 0-0 9. a3 f4 10. e4 Bxe5 11. dxe5 Qc7 12. cxd5 exd5 13. exd5 Nxe5 14. Be2 cxd5 15. Rc1 Qe7 16. Bxe5 Qxe5 17. Nf3 Qd6 18. 0-0 Bd7 19. Bc4 Bc6 20. b4 b5 21. Ba2 Rad8 22. Re1 Be8 23. Ng5 Bf7 24. Bb1 g6 25. Nf3 d4 26. Ne5 Rc8 27. Nxf7 Nxf7 28. Ba2 Kg7 29. Rxc8 Rxc8 30. Re6 Qd7 31. h4 d3 32. Qa1+ Kg8 33. Rf6 d2 34. Kh2 d1Q 35. Bxf7+ Qxf7 36. Qe5 Qdd5 37. Qxf4 Qe7 0-1

[Event "GER-chB Seniors 27th"]
[Site "Magdeburg"]
[Date "2015.08.16"]
[Round "2"]
[White "Fischer, Paul"]
[Black "Krueger, Bernhard"]
[Result "0-1"]
[WhiteElo "1919"]
[BlackElo "1732"]
[PlyCount "80"]
[EventDate "2015.08.15"]
[EventType "swiss"]
[EventRounds "9"]
[EventCountry "GER"]
[SourceTitle "EXT 2018"]
[Source "ChessBase"]
[SourceDate "2017.10.13"]
[SourceVersion "1"]
[SourceVersionDate "2017.10.13"]
[SourceQuality "1"]

1. Nc3 e6 2. g3 Nc6 3. d4 d5 4. Bg2 g6 5. e3 Bg7 6. Nge2 Nge7 7. h4 h5 8. 0-0 0-0 9. a3 Rb8 10. b4 a6 11. Bd2 e5 12. dxe5 Nxe5 13. Rb1 Nc4 14. Bc1 c6 15. Nd4 Re8 16. Nce2 Bg4 17. f3 Bd7 18. e4 Qc8 19. exd5 Nxd5 20. Qd3 Nce3 21. Rf2 Bh3 22. Bxh3 Qxh3 23. Bd2 Rbd8 24. Rh2 Qc8 25. c3 Qc7 26. f4 Ng4 27. Rg2 Nde3 28. Bxe3 Nxe3 29. Rf2 Nf5 30. Rf3 Qb6 31. Rd1 c5 32. bxc5 Qxc5 33. Kg2 Qxa3 34. Qc2 Ne3+ 35. Rxe3 Rxe3 36. Kf2 Rde8 37. Rb1 b5 38. Rb3 Qc5 39. Qa2 Rxe2+ 40. Qxe2 Rxe2+ 0-1

[Event "Hessen-ch Seniors op 11th"]
[Site "Bad Sooden-Allendorf"]
[Date "2015.05.17"]
[Round "9"]
[White "Bendisch, Juergen"]
[Black "Krueger, Bernhard"]
[Result "1-0"]
[WhiteElo "1902"]
[BlackElo "1741"]
[PlyCount "93"]
[EventDate "2015.05.09"]
[EventType "swiss"]
[EventRounds "9"]
[EventCountry "GER"]
[SourceTitle "EXT 2018"]
[Source "ChessBase"]
[SourceDate "2017.10.13"]
[SourceVersion "1"]
[SourceVersionDate "2017.10.13"]
[SourceQuality "1"]

1. d4 Nf6 2. Nf3 g6 3. Bf4 Bg7 4. h3 0-0 5. c3 d5 6. e3 Nbd7 7. Nbd2 c5 8. Be2 Re8 9. 0-0 b6 10. Re1 Bb7 11. Bd3 Ne4 12. Qc2 Ndf6 13. Ng5 Nxd2 14. Qxd2 c4 15. Bc2 Ne4 16. Qe2 Nxg5 17. Bxg5 f6 18. Bh4 e5 19. dxe5 Rxe5 20. Rad1 Qe8 21. Bg3 Re6 22. Rd2 Qc6 23. Qf1 Rae8 24. Bd1 Qc5 25. Bf3 Rd8 26. Red1 f5 27. Bf4 b5 28. g4 b4 29. cxb4 Qb5 30. Qg2 fxg4 31. hxg4 Qxb4 32. a3 Qb3 33. Bxd5 Bxd5 34. Rxd5 Rde8 35. Rd8 c3 36. bxc3 Bxc3 37. Kh2 Bf6 38. R8d3 Qc4 39. Rd6 g5 40. Rxe6 Rxe6 41. Bg3 Re4 42. Rd7 Qe6 43. Rd6 Qxg4 44. Rxf6 Qh5+ 45. Qh3 Qe8 46. Qf5 Qh5+ 47. Kg2 1-0

[Event "Hessen-ch Seniors op 11th"]
[Site "Bad Sooden-Allendorf"]
[Date "2015.05.14"]
[Round "6"]
[White "Storkebaum, Karl Heinrich"]
[Black "Krueger, Bernhard"]
[Result "1/2-1/2"]
[WhiteElo "1927"]
[BlackElo "1741"]
[PlyCount "66"]
[EventDate "2015.05.09"]
[EventType "swiss"]
[EventRounds "9"]
[EventCountry "GER"]
[SourceTitle "EXT 2018"]
[Source "ChessBase"]
[SourceDate "2017.10.13"]
[SourceVersion "1"]
[SourceVersionDate "2017.10.13"]
[SourceQuality "1"]

1. d4 Nf6 2. c4 g6 3. Nc3 d5 4. Nf3 Bg7 5. h3 0-0 6. e3 a6 7. Bd3 dxc4 8. Bxc4 b5 9. Bd3 Bb7 10. 0-0 Nbd7 11. a3 c5 12. Bc2 Rc8 13. Re1 Nb6 14. e4 c4 15. d5 Ne8 16. Be3 Nd7 17. Bd4 f6 18. Be3 Nd6 19. Nd4 Nc5 20. f3 Qe8 21. Nde2 f5 22. Nf4 g5 23. Bxc5 gxf4 24. Bd4 Rd8 25. Bxg7 Kxg7 26. e5 Nf7 27. Bxf5 Ng5 28. Bc2 Qh5 29. Kh2 e6 30. Be4 Kh6 31. d6 Nxe4 32. Nxe4 Qxe5 33. Nf2 Qxd6 1/2-1/2

[Event "GER-chB Seniors 26th"]
[Site "Bad Neuenahr"]
[Date "2014.08.05"]
[Round "1"]
[White "Krueger, Bernhard"]
[Black "Andrijenko, Anatoliy"]
[Result "1/2-1/2"]
[WhiteElo "1716"]
[BlackElo "1866"]
[PlyCount "77"]
[EventDate "2014.08.05"]
[EventType "swiss"]
[EventRounds "9"]
[EventCountry "GER"]
[SourceTitle "EXT 2018"]
[Source "ChessBase"]
[SourceDate "2017.10.13"]
[SourceVersion "1"]
[SourceVersionDate "2017.10.13"]
[SourceQuality "1"]

1. c4 Nf6 2. g3 g6 3. Bg2 Bg7 4. Nc3 c6 5. e3 d5 6. cxd5 cxd5 7. Nge2 0-0 8. d4 Nc6 9. 0-0 a6 10. Bd2 e6 11. a3 b5 12. Na2 Bb7 13. Rc1 Rc8 14. Nb4 Qd7 15. Nd3 Rfe8 16. Nc5 Qe7 17. b4 h5 18. Nf4 Nb8 19. Nxb7 Qxb7 20. Rxc8 Rxc8 21. Nd3 Rc6 22. Ne5 Rc7 23. Qb1 Nbd7 24. Rc1 Rxc1+ 25. Qxc1 Nxe5 26. dxe5 Nd7 27. f4 Nb6 28. Bc3 Qc6 29. Bd2 Qxc1+ 30. Bxc1 Nc4 31. Kf2 f6 32. exf6 Bxf6 33. e4 Bd4+ 34. Ke2 Nb6 35. Kd3 Bg1 36. h3 Kf7 37. exd5 exd5 38. g4 hxg4 39. hxg4 1/2-1/2

[Event "MVP-ch Seniors op 13th"]
[Site "Binz"]
[Date "2013.12.04"]
[Round "8"]
[White "Krueger, Bernhard"]
[Black "Groener, Marga"]
[Result "1-0"]
[WhiteElo "1508"]
[BlackElo "1333"]
[PlyCount "91"]
[EventDate "2013.11.27"]
[EventType "swiss"]
[EventRounds "9"]
[EventCountry "GER"]
[SourceTitle "EXT 2015"]
[Source "ChessBase"]
[SourceDate "2014.11.20"]
[SourceVersion "1"]
[SourceVersionDate "2014.11.20"]
[SourceQuality "1"]

1. c4 e6 2. g3 d5 3. cxd5 exd5 4. Bg2 c6 5. Nf3 Nf6 6. d3 h6 7. 0-0 Be7 8. Nbd2 0-0 9. b3 Bf5 10. Bb2 Nbd7 11. Ne1 Re8 12. Nc2 Qc8 13. Nd4 Bh7 14. e4 Bg6 15. Rc1 dxe4 16. dxe4 Ne5 17. Qe2 Bf8 18. f3 a6 19. Nc4 Nxc4 20. Qxc4 c5 21. Ne2 Nd7 22. Nf4 Bh7 23. Nd5 Qc6 24. Qd3 Qb5 25. Qxb5 axb5 26. a3 Bd6 27. Rcd1 Be5 28. Bc1 Ra6 29. Kh1 c4 30. Nb4 Rd6 31. bxc4 bxc4 32. f4 Rxd1 33. Rxd1 Bxe4 34. Bxe4 Bc3 35. Bg2 Re1+ 36. Rxe1 Bxe1 37. Nc2 Bf2 38. Bxb7 Nc5 39. Bd5 Nd3 40. Bd2 Nb2 41. Kg2 Bc5 42. Kf3 Bb6 43. Ke2 Bc5 44. h4 g6 45. Bc6 Kg7 46. Bc3+ 1-0